000
00285nam a22001337a 4500
008
181008b xxu||||| |||| 00| 0 eng d
020
_a
9780130996794
041
_a
eng
080
_a
710
100
_a
43
101
_a
ART
245
_a
A World Of Art
_c
Sayre,H.M
942
_2
udc
_c
BK
999
_c
49035
_d
49035